<?xml version="1.0" encoding="UTF-8"?>
<marc:record xmlns:marc="http://www.loc.gov/MARC21/slim">
   <marc:leader>00000nam a2200000 a 4500</marc:leader>
   <marc:datafield ind1="1" ind2=" " tag="100">
      <marc:subfield code="a">Mertens, Benedikt H.</marc:subfield>
      <marc:subfield code="4">aut</marc:subfield>
      <marc:subfield code="e">Verfasser/-in</marc:subfield>
   </marc:datafield>
   <marc:datafield ind1=" " ind2=" " tag="653">
      <marc:subfield code="a">Geschichte 1600-1750</marc:subfield>
   </marc:datafield>
   <marc:datafield ind1=" " ind2=" " tag="653">
      <marc:subfield code="a">Exerzitien</marc:subfield>
   </marc:datafield>
   <marc:datafield ind1=" " ind2=" " tag="653">
      <marc:subfield code="a">Religion/Christliche Religionen</marc:subfield>
   </marc:datafield>
   <marc:datafield ind1=" " ind2=" " tag="653">
      <marc:subfield code="a">Hochschulschrift</marc:subfield>
   </marc:datafield>
   <marc:datafield ind1="0" ind2="0" tag="245">
      <marc:subfield code="a">Solitudo seraphica</marc:subfield>
   </marc:datafield>
   <marc:datafield ind1="0" ind2="0" tag="245">
      <marc:subfield code="b">Studien zur Geschichte der Exerzitien im Franziskanerorden der Frühzeit (ca. 1600 - 1750)</marc:subfield>
   </marc:datafield>
   <marc:datafield ind1="0" ind2="0" tag="245">
      <marc:subfield code="c">Benedikt H. Mertens</marc:subfield>
   </marc:datafield>
   <marc:datafield ind1=" " ind2="1" tag="264">
      <marc:subfield code="a">Kevelaer</marc:subfield>
      <marc:subfield code="b">Butzon &amp; Bercker</marc:subfield>
      <marc:subfield code="c">2008</marc:subfield>
   </marc:datafield>
   <marc:datafield ind1="1" ind2=" " tag="490">
      <marc:subfield code="a">Franziskanische Forschungen</marc:subfield>
      <marc:subfield code="v">H. 49</marc:subfield>
   </marc:datafield>
   <marc:datafield ind1="1" ind2=" " tag="520">
      <marc:subfield code="a">Angaben aus der Verlagsmeldung

Solitudo seraphica : Studien zur Geschichte der Exerzitien im Franziskanerorden der Frühzeit (ca. 1600-1750) / von Benedikt Mertens

Die Geschichte der Exerzitien im Franziskanerorden
der frühen Neuzeit ist bislang nur
lückenhaft erforscht worden. Diese Lücke füllt
Benedikt H. Mertens, indem er erstmals die
Einführung, Durchführung und Funktion der
Exerzitien dieser Zeit erforscht. Eine wichtige
Studie auch für Praktiker im Bereich geistlicher
Exerzitien.
</marc:subfield>
   </marc:datafield>
   <marc:datafield ind1=" " ind2=" " tag="020">
      <marc:subfield code="a">9783766621092</marc:subfield>
      <marc:subfield code="9">9783766621092</marc:subfield>
   </marc:datafield>
   <marc:datafield ind1=" " ind2=" " tag="041">
      <marc:subfield code="a">ger</marc:subfield>
   </marc:datafield>
   <marc:datafield ind1=" " ind2=" " tag="300">
      <marc:subfield code="a">560 S.</marc:subfield>
   </marc:datafield>
</marc:record>
